Media Logo Quiz #3 - Statistics

General Stats
  • This quiz has been taken 10 times
    3 since last reset
  • The average score is 4 of 5
Answer Stats
Picture Answer % Correct
20th Century Fox
100%
Disney+
100%
Blue Sky Studios
67%
Universal Pictures
67%
Domingo Maior
33%
No matching quizzes found
Score Distribution
Percent of People with Each Score
Percentile by Number Answered
Your Score History
You have not taken this quiz since the last reset